[Event "Victoria Grand Pacific op 8th"]
[Site "Victoria"]
[Date "2014.04.18"]
[Round "1"]
[White "Ding, Jill"]
[Black "Wu, Howard"]
[Result "0-1"]
[WhiteElo "1810"]
[BlackElo "2236"]
[PlyCount "56"]
[EventDate "2014.04.18"]
[EventType "swiss"]
[EventRounds "6"]
[EventCountry "CAN"]
[SourceTitle "CBM 160 Extra"]
[Source "ChessBase"]
[SourceDate "2014.07.01"]
[SourceVersion "1"]
[SourceVersionDate "2014.07.01"]
[SourceQuality "1"]

1. e4 g6 2. d4 Bg7 3. Nc3 d6 4. Be3 Nf6 5. h3 0-0 6. Nf3 c6 7. Bd3 b5 8. a3 a6 9. 0-0 Qc7 10. Bg5 e5 11. Bxf6 Bxf6 12. d5 c5 13. Qd2 Bg7 14. Nd1 c4 15. Be2 Nd7 16. Re1 Nc5 17. Bf1 f5 18. Nc3 Bd7 19. Qe3 Qd8 20. Nd2 Qh4 21. g3 Qh5 22. Qe2 Qh6 23. Kh2 f4 24. Bg2 Rf7 25. Rf1 Raf8 26. Rac1 f3 27. Nxf3 Bg4 28. Qd2 Bxf3 0-1

[Event "CAN-ch U16/18 Girls"]
[Site "Ottawa"]
[Date "2013.07.10"]
[Round "2"]
[White "Kalaydina, Regina Veronicka"]
[Black "Ding, Jill"]
[Result "0-1"]
[WhiteElo "1962"]
[BlackElo "1585"]
[PlyCount "55"]
[EventDate "2013.07.10"]
[EventType "swiss"]
[EventRounds "6"]
[EventCountry "CAN"]
[SourceTitle "EXT 2022"]
[Source "ChessBase"]
[SourceDate "2021.10.06"]
[SourceVersion "1"]
[SourceVersionDate "2021.10.06"]
[SourceQuality "1"]

1. d4 f5 2. Nc3 g6 3. e4 e6 4. Nf3 Bg7 5. Bg5 Ne7 6. Qd2 h6 7. Bxe7 Qxe7 8. 0-0-0 d6 9. Bd3 Nc6 10. exf5 gxf5 11. d5 Ne5 12. Bb5+ Bd7 13. Bxd7+ Nxd7 14. dxe6 Qxe6 15. Rhe1 Ne5 16. Nd4 Qf7 17. f4 0-0-0 18. Ndb5 a6 19. fxe5 axb5 20. e6 Qe8 21. Nd5 b6 22. Qd3 Be5 23. e7 Rd7 24. Qxf5 Kb7 25. Nf6 Bxf6 26. Qxf6 Rh7 27. Qf8 Rh8 28. Qxh8 0-1

[Event "CAN-ch U16 Girls"]
[Site "Vancouver"]
[Date "2012.07.04"]
[Round "3"]
[White "Ding, Jill"]
[Black "Kalaydina, Regina Veronicka"]
[Result "0-1"]
[WhiteElo "1540"]
[BlackElo "1990"]
[PlyCount "110"]
[EventDate "2012.07.03"]
[EventType "tourn"]
[EventRounds "6"]
[EventCountry "CAN"]
[SourceTitle "EXT 2022"]
[Source "ChessBase"]
[SourceDate "2021.10.06"]
[SourceVersion "1"]
[SourceVersionDate "2021.10.06"]
[SourceQuality "1"]

1. e4 d5 2. exd5 Qxd5 3. Nc3 Qd6 4. Nf3 Nf6 5. g3 a6 6. Bg2 b5 7. 0-0 Bb7 8. d4 e6 9. Bf4 Qb6 10. Ne2 Bd6 11. Rb1 Nbd7 12. Re1 0-0 13. b3 b4 14. Bxd6 Qxd6 15. c4 bxc3 16. Nxc3 Nb6 17. Rc1 Rfd8 18. Qe2 Rac8 19. Red1 h6 20. Ne5 Bxg2 21. Kxg2 Nbd7 22. f4 c5 23. Nc4 Qc6+ 24. Kg1 cxd4 25. Rxd4 Qc5 26. Rcd1 Nb6 27. Qe5 Rxd4 28. Qxd4 Nxc4 29. bxc4 Qxc4 30. Qxc4 Rxc4 31. Rd3 Kf8 32. Kg2 Ke7 33. Kf3 Nd7 34. Ne4 Nc5 35. Nxc5 Rxc5 36. h3 Ra5 37. a3 Ra4 38. g4 Kf6 39. Kg3 Kg6 40. Kf3 h5 41. Ke3 f6 42. Kf3 hxg4+ 43. hxg4 e5 44. fxe5 fxe5 45. Re3 Kf6 46. Kg3 Ke6 47. Kf3 Kd5 48. Rd3+ Kc5 49. Re3 Rf4+ 50. Kg3 Kd4 51. Re1 Rf8 52. Kg2 e4 53. Rf1 Rxf1 54. Kxf1 Ke3 55. Ke1 g5 0-1

[Event "CAN-ch U14 Girls"]
[Site "Windsor"]
[Date "2010.07.06"]
[Round "1"]
[White "Ding, Jill"]
[Black "Yun, Chang"]
[Result "0-1"]
[WhiteElo "1220"]
[BlackElo "1475"]
[PlyCount "62"]
[EventDate "2010.07.06"]
[EventType "swiss"]
[EventRounds "7"]
[EventCountry "CAN"]
[SourceTitle "EXT 2012"]
[Source "ChessBase"]
[SourceDate "2011.11.24"]
[SourceVersion "1"]
[SourceVersionDate "2011.11.24"]
[SourceQuality "1"]

1. e4 c5 2. c4 Nc6 3. Nc3 g6 4. g3 Bg7 5. Bg2 d6 6. Nge2 e6 7. 0-0 Nge7 8. Rb1 0-0 9. a3 a5 10. d3 Rb8 11. f4 b6 12. g4 f5 13. h3 Nd4 14. Nxd4 Bxd4+ 15. Kh1 Ba6 16. Ne2 Bg7 17. b3 b5 18. Be3 Qc7 19. Ng3 bxc4 20. dxc4 a4 21. Qd3 axb3 22. Rxb3 Rxb3 23. Qxb3 Rb8 24. Qa4 Bb7 25. Qc2 Bc6 26. Rb1 Rxb1+ 27. Qxb1 Qa5 28. Qb8+ Kf7 29. Qxd6 Qe1+ 30. Nf1 Bxe4 31. Bxe4 Qxf1+ 0-1

[Event "CAN-ch U12 Girls"]
[Site "Quebec"]
[Date "2008.07.16"]
[Round "6"]
[White "Giblon, Rebecca"]
[Black "Ding, Jill"]
[Result "1-0"]
[WhiteElo "1520"]
[BlackElo "991"]
[PlyCount "113"]
[EventDate "2008.07.14"]
[EventType "swiss"]
[EventRounds "6"]
[EventCountry "CAN"]
[SourceTitle "EXT 2011"]
[Source "ChessBase"]
[SourceDate "2010.11.26"]
[SourceVersion "1"]
[SourceVersionDate "2010.11.26"]
[SourceQuality "1"]

1. e4 e6 2. d4 d5 3. e5 c5 4. c3 Nc6 5. Nf3 Qb6 6. Be2 cxd4 7. cxd4 Nge7 8. Nc3 Nf5 9. Bb5 Bd7 10. Bxc6 Bxc6 11. 0-0 Bb4 12. Ne2 Bb5 13. a3 Be7 14. Re1 0-0 15. b3 Bxe2 16. Rxe2 Rac8 17. Bb2 Rc6 18. Qd3 Rfc8 19. Ne1 Bh4 20. Nf3 Qd8 21. g3 Bg5 22. Nxg5 Qxg5 23. Kg2 Nh4+ 24. Kh1 Rc1+ 25. Bxc1 Rxc1+ 26. Re1 Rxa1 27. Rxa1 Qg4 28. gxh4 Qxh4 29. Rc1 Kf8 30. Qc2 g6 31. Qc5+ Kg7 32. Qc2 Qxd4 33. Re1 h5 34. Qe2 h4 35. Qe3 Qb2 36. Qxa7 Qxb3 37. Qe3 Qc4 38. Rc1 Qg4 39. h3 Qf5 40. Kg2 g5 41. a4 g4 42. Re1 b6 43. Kh2 Qg6 44. hxg4 Qxg4 45. Rg1 Qxg1+ 46. Kxg1 Kg6 47. Qxb6 Kg5 48. Qe3+ Kg4 49. Kh2 Kf5 50. a5 f6 51. exf6 Kxf6 52. a6 e5 53. a7 d4 54. Qf3+ Ke6 55. a8Q Kd6 56. Qfd5+ Ke7 57. Qac6 1-0